A girl named Disaster / (Record no. 6545)

MARC details
000 -LEADER
fixed length control field 01133nam a22003257a 4500
001 - CONTROL NUMBER
control field 6545
003 - CONTROL NUMBER IDENTIFIER
control field FISKH
005 - DATE AND TIME OF LATEST TRANSACTION
control field 20250509082343.0
008 - FIXED-LENGTH DATA ELEMENTS--GENERAL INFORMATION
fixed length control field 250509b cb ||||| |||| 00| 0 eng d
020 ## - INTERNATIONAL STANDARD BOOK NUMBER
International Standard Book Number 9780545356626
040 ## - CATALOGING SOURCE
Original cataloging agency DLC
Transcribing agency DLC
Modifying agency DLC
Language of cataloging eng
050 ## - LIBRARY OF CONGRESS CALL NUMBER
Classification number PZ7.F23814 G
082 ## - DEWEY DECIMAL CLASSIFICATION NUMBER
Classification number 813.54
100 1# - MAIN ENTRY--PERSONAL NAME
Personal name Farmer, Nancy
Dates associated with a name (1941-)
245 12 - TITLE STATEMENT
Title A girl named Disaster /
Statement of responsibility, etc. Nancy Farmer.
250 ## - EDITION STATEMENT
Edition statement This edition first published in 2011
260 ## - PUBLICATION, DISTRIBUTION, ETC.
Place of publication, distribution, etc. New York :
Name of publisher, distributor, etc. Scholastic,
Date of publication, distribution, etc. 1996.
300 ## - PHYSICAL DESCRIPTION
Extent 309 pages :
Dimensions 20 cm
505 ## - FORMATTED CONTENTS NOTE
Formatted contents note R<br/>
520 ## - SUMMARY, ETC.
Summary, etc. While fleeing from Mozambique to Zimbabwe to escape an unwanted marriage, Nhamo, an eleven-year-old Shona girl, struggles to escape drowning and starvation and in so doing comes close to the luminous world of the African spirits.
521 8# - TARGET AUDIENCE NOTE
Target audience note 730<br/>
Source Lexile<br/>
521 8# - TARGET AUDIENCE NOTE
Target audience note R<br/>
Source Raz-Plus<br/>
650 #0 - SUBJECT ADDED ENTRY--TOPICAL TERM
Topical term or geographic name entry element Shona (African people)
General subdivision Juvenile fiction.
650 #1 - SUBJECT ADDED ENTRY--TOPICAL TERM
Topical term or geographic name entry element Shona (African people)
General subdivision Fiction.
650 #1 - SUBJECT ADDED ENTRY--TOPICAL TERM
Topical term or geographic name entry element Survival
General subdivision Fiction.
650 #1 - SUBJECT ADDED ENTRY--TOPICAL TERM
Topical term or geographic name entry element Supernatural
General subdivision Fiction.
906 ## - LOCAL DATA ELEMENT F, LDF (RLIN)
a 7
b cbc
c orignew
d 1
e ocip
f 19
g y-gencatlg
942 ## - ADDED ENTRY ELEMENTS (KOHA)
Source of classification or shelving scheme Dewey Decimal Classification
Koha item type Books
Suppress in OPAC No
Holdings
Withdrawn status Lost status Source of classification or shelving scheme Damaged status Not for loan Collection Home library Current library Shelving location Date acquired Total Checkouts Full call number Barcode Date last seen Copy number Price effective from Koha item type
    Dewey Decimal Classification     Juvenile Fiction Footprints International School Library Network Toul Tom Poung Campus Footprints International School Library Network Toul Tom Poung Campus TTP Primary Orange Bookshelves 05/09/2025   FAR 813.54 PZ7.F23814 G 2025-1232 05/09/2025 1 05/09/2025 Books